000 00636nam a2200241Ia 4500
003 OSt
005 20220923230728.0
006 a|||||r|||| 00| 0
007 ta
008 Pun
020 _c25
024 _a305,120
037 _cTextual
040 _aARTS
_cARTS
_bPun
041 _2Pun
_aPun
082 _aQ8441:5, 153M6
100 _aਜਗਦੇਵ, ਸੰਤੋਖ ਸਿੰਘ
_9156274
245 0 _aਹਿੰਦੂ ਸਿੱਖ ਸਿੱਖਿਆ
260 _c1986
650 _aਧਰਮ
942 _hQ8441:5, 153M6
_cTEXL
_2CC
999 _c386923
_d386923